Normal view
MARC view
- Azra Nawar (NUST2015PCES9215F)
Entry Personal Name
001 - CONTROL NUMBER
- control field: 116255
003 - CONTROL NUMBER IDENTIFIER
- control field: NUST
005 - DATE AND TIME OF LATEST TRANSACTION
- control field: 20230912165919.0
008 - FIXED-LENGTH DATA ELEMENTS
- fixed length control field: 230912|| aca||aabn | a|a d
040 ## - CATALOGING SOURCE
- Original cataloging agency: NUST
- Transcribing agency: NUST
100 ## - HEADING--PERSONAL NAME
- Personal name: Azra Nawar (NUST2015PCES9215F)
670 ## - SOURCE DATA FOUND
- Source citation: Work cat.: (NUST): Azra Nawar (NUST2015PCES9215F), Development of calcium based sorbent for flue gas cleaning applications /, 2020
